Normal view
MARC view
Entry Personal Name
001 - CONTROL NUMBER
- control field: 47009
003 - CONTROL NUMBER IDENTIFIER
- control field: dpl
005 - DATE AND TIME OF LATEST TRANSACTION
- control field: 20120512170249.0
008 - FIXED-LENGTH DATA ELEMENTS
- fixed length control field: 120512|||a|||||| | ||| d
040 ## - CATALOGING SOURCE
- Original cataloging agency: dpl
- Transcribing agency: dpl
100 ## - HEADING--PERSONAL NAME
- Personal name: पाठक, विनय कुमार
670 ## - SOURCE DATA FOUND
- Source citation: Work cat.: (dpl): पाठक, विनय कुमार, व्यावहारिक हिन्दी नई भाषा संरचना /, 2005
670 ## - SOURCE DATA FOUND
- Source citation: Work cat.: (dpl): पाठक, विनय कुमार, व्यावहारिक हिन्दी नई भाषा संरचना /, 2005
